000
00289 a2200145 4500
001
170571
020
_a
040
_c
Magnum
100
_a
-
240
1
0
_a
Primeiros socorros
_l
por
245
1
0
_a
Primeiros socorros
362
0
_a
1899
697
_a
CIENCIAS MEDICAS SAUDE
942
_c
BK
999
_c
170571
_d
170571